[Event "BL2 Sued 2122 (Women)"]
[Site "Germany"]
[Date "2022.04.10"]
[Round "7.4"]
[White "Mueller, Manon"]
[Black "Juszczak, Anna"]
[Result "1-0"]
[WhiteElo "1780"]
[BlackElo "1977"]
[PlyCount "43"]
[EventDate "2021.11.27"]
[EventType "team-tourn"]
[EventRounds "7"]
[EventCountry "GER"]
[SourceTitle "EXT 2023"]
[Source "ChessBase"]
[SourceDate "2022.10.05"]
[SourceVersion "1"]
[SourceVersionDate "2022.10.05"]
[SourceQuality "1"]
[WhiteTeam "Gernsheim (W)"]
[BlackTeam "Karlsruhe (W)"]
[WhiteTeamCountry "GER"]
[BlackTeamCountry "GER"]

1. d4 d5 2. c4 e6 3. Nf3 Nf6 4. Bg5 Be7 5. e3 h6 6. Bxf6 Bxf6 7. Nc3 c6 8. Qc2 Nd7 9. cxd5 exd5 10. Bd3 Nb6 11. 0-0 0-0 12. b4 a6 13. a4 Qd6 14. Nd2 Be6 15. Rfb1 Rfc8 16. Nb3 Nc4 17. Ne4 dxe4 18. Bxc4 Bxc4 19. Qxc4 b6 20. Nd2 Qd5 21. Rc1 Rc7 22. Qxd5 1-0

[Event "BL2 Sued 2122 (Women)"]
[Site "Germany"]
[Date "2022.03.20"]
[Round "5.3"]
[White "Mueller, Manon"]
[Black "Froehlich, Franziska"]
[Result "0-1"]
[WhiteElo "1787"]
[BlackElo "1913"]
[PlyCount "62"]
[EventDate "2021.11.27"]
[EventType "team-tourn"]
[EventRounds "7"]
[EventCountry "GER"]
[SourceTitle "EXT 2023"]
[Source "ChessBase"]
[SourceDate "2022.10.05"]
[SourceVersion "1"]
[SourceVersionDate "2022.10.05"]
[SourceQuality "1"]
[WhiteTeam "Gernsheim (W)"]
[BlackTeam "Stuttgart Wolfbusch (W)"]
[WhiteTeamCountry "GER"]
[BlackTeamCountry "GER"]

1. d4 d5 2. c4 e6 3. Nf3 c6 4. Nbd2 f5 5. g3 Nf6 6. Bg2 Nbd7 7. Qc2 Ne4 8. Rb1 Bd6 9. e3 0-0 10. 0-0 Ndf6 11. b4 Bd7 12. a4 Qe8 13. b5 Qh5 14. c5 Bc7 15. Rd1 Ng4 16. Rf1 Ng5 17. Nh4 Nxh2 18. Kxh2 Qxh4+ 19. Kg1 Nh3+ 20. Bxh3 Qxh3 21. Qd1 Rf6 22. Qf3 Rg6 23. Qg2 Qh5 24. Nf3 Rf8 25. Qh1 Qg4 26. Ne5 Bxe5 27. dxe5 Qxa4 28. bxc6 Bxc6 29. Bb2 d4 30. f3 dxe3 31. Kg2 Qc2+ 0-1

[Event "BL2 Sued 1718 (Women)"]
[Site "Germany"]
[Date "2018.02.17"]
[Round "6.5"]
[White "Katte, Isabel"]
[Black "Mueller, Manon"]
[Result "1/2-1/2"]
[WhiteElo "1941"]
[BlackElo "1775"]
[PlyCount "75"]
[EventDate "2017.10.14"]
[EventType "team-tourn"]
[EventRounds "7"]
[EventCountry "GER"]
[SourceTitle "EXT 2019"]
[Source "ChessBase"]
[SourceDate "2018.10.10"]
[SourceVersion "1"]
[SourceVersionDate "2018.10.10"]
[SourceQuality "1"]
[WhiteTeam "Mainz Schott (W)"]
[BlackTeam "Gernsheim (W)"]
[WhiteTeamCountry "GER"]
[BlackTeamCountry "GER"]

1. e4 c5 2. Nc3 Nc6 3. f4 g6 4. Nf3 Bg7 5. Bc4 e6 6. e5 Na5 7. d3 d6 8. Ne4 dxe5 9. Bb5+ Kf8 10. fxe5 a6 11. Ba4 b5 12. Bb3 c4 13. Bg5 Qd5 14. Nc3 Qd7 15. dxc4 Qxd1+ 16. Rxd1 Bb7 17. cxb5 Bxf3 18. gxf3 Bxe5 19. bxa6 Nxb3 20. cxb3 Rxa6 21. Na4 h6 22. Rd8+ Kg7 23. Bd2 Ne7 24. Rxh8 Kxh8 25. Bxh6 Bxb2 26. Nxb2 Rxa2 27. Bc1 Ra3 28. b4 Nd5 29. 0-0 Nxb4 30. Nc4 Rb3 31. Kg2 Nd3 32. Bg5 Rb5 33. h4 Rc5 34. Nd6 Kg8 35. Ne4 Rc2+ 36. Kg1 Re2 37. Nc3 Re1 38. Rxe1 1/2-1/2

[Event "GER-chT Federal Cup (Women)"]
[Site "Braunfels"]
[Date "2017.06.18"]
[Round "5.6"]
[White "Mueller, Manon"]
[Black "Rempel, Yana"]
[Result "0-1"]
[WhiteElo "1781"]
[BlackElo "2059"]
[PlyCount "120"]
[EventDate "2017.06.15"]
[EventType "team-swiss"]
[EventRounds "5"]
[EventCountry "GER"]
[SourceTitle "CBM 179 Extra"]
[Source "ChessBase"]
[SourceDate "2017.08.23"]
[SourceVersion "1"]
[SourceVersionDate "2017.08.23"]
[SourceQuality "1"]
[WhiteTeam "Hessen (W) II"]
[BlackTeam "Wuerttemberg (W)"]
[WhiteTeamCountry "GER"]
[BlackTeamCountry "GER"]

1. d4 g6 2. Nf3 c5 3. c4 cxd4 4. Nxd4 Bg7 5. e3 Nc6 6. Nc3 Nf6 7. g3 d6 8. Bg2 Bd7 9. 0-0 0-0 10. b3 Rc8 11. Bb2 Qa5 12. Re1 Bg4 13. Qd2 Qh5 14. Nxc6 bxc6 15. Ne4 Nxe4 16. Bxe4 Bxb2 17. Qxb2 Bf3 18. Bxf3 Qxf3 19. Qe2 Qxe2 20. Rxe2 Rb8 21. e4 Rb4 22. c5 dxc5 23. Rc1 c4 24. Rxc4 Rxc4 25. bxc4 Rb8 26. Rc2 Kg7 27. e5 g5 28. h3 Kg6 29. g4 Rb1+ 30. Kg2 Re1 31. h4 Rxe5 32. h5+ Kf6 33. Rc3 Ra5 34. a3 e6 35. Rf3+ Ke7 36. Kg3 Rc5 37. Rc3 a5 38. Rc2 f5 39. gxf5 exf5 40. f4 Kf6 41. a4 gxf4+ 42. Kxf4 Re5 43. c5 Re4+ 44. Kf3 Kg5 45. h6 Rxa4 46. Rd2 Ra3+ 47. Kg2 Rc3 48. Rd7 Kxh6 49. Rd6+ Kg5 50. Rxc6 Kg4 51. Rc7 Rc2+ 52. Kg1 h5 53. c6 Kf3 54. Rc8 f4 55. c7 h4 56. Ra8 Rxc7 57. Rxa5 Rc2 58. Ra1 Kg3 59. Kh1 f3 60. Rd1 Rh2+ 0-1

[Event "Regionalliga SW 1617 (Women)"]
[Site "Germany"]
[Date "2016.11.13"]
[Round "2.1"]
[White "Jakubiec, Edyta"]
[Black "Mueller, Manon"]
[Result "1/2-1/2"]
[WhiteElo "2200"]
[BlackElo "1766"]
[PlyCount "66"]
[EventDate "2016.10.23"]
[EventType "team-tourn"]
[EventRounds "5"]
[EventCountry "GER"]
[SourceTitle "EXT 2018"]
[Source "ChessBase"]
[SourceDate "2017.10.13"]
[SourceVersion "1"]
[SourceVersionDate "2017.10.13"]
[SourceQuality "1"]
[WhiteTeam "Aachen DJK (W)"]
[BlackTeam "Gernsheim (W) II"]
[WhiteTeamCountry "GER"]
[BlackTeamCountry "GER"]

1. e4 d5 2. exd5 Qxd5 3. Nf3 Nf6 4. d4 Bf5 5. c4 Qd8 6. Nc3 e6 7. Be2 Be7 8. Bf4 c6 9. 0-0 0-0 10. Nh4 Bg6 11. Nxg6 hxg6 12. d5 exd5 13. cxd5 Nxd5 14. Nxd5 cxd5 15. Bf3 Qb6 16. Qxd5 Nc6 17. Be3 Qb4 18. a3 Qxb2 19. Rab1 Qxa3 20. Rxb7 Nb4 21. Qd7 Rae8 22. Rxa7 Qd3 23. Qb7 Qf5 24. h3 Qe5 25. g3 Qf6 26. h4 Bd6 27. Bg5 Qc3 28. Bg2 Kh7 29. Raa1 Qc5 30. Rac1 Qf5 31. Rcd1 Rb8 32. Qe4 Qxe4 33. Bxe4 Bc5 1/2-1/2

[Event "Rheinland Pfalz op 7th"]
[Site "Frankenthal"]
[Date "2015.06.06"]
[Round "4"]
[White "Rangs, Uwe"]
[Black "Mueller, Manon"]
[Result "1/2-1/2"]
[WhiteElo "1603"]
[BlackElo "1793"]
[PlyCount "76"]
[EventDate "2015.06.04"]
[EventType "swiss"]
[EventRounds "7"]
[EventCountry "GER"]
[SourceTitle "EXT 2017"]
[Source "ChessBase"]
[SourceDate "2016.10.25"]
[SourceVersion "1"]
[SourceVersionDate "2016.10.25"]
[SourceQuality "1"]

1. e4 d5 2. exd5 Qxd5 3. Nc3 Qa5 4. d4 Nf6 5. Bc4 c6 6. Bd2 Qc7 7. Nf3 Bf5 8. Ne5 e6 9. g4 Be4 10. f3 Bd5 11. Nxd5 Nxd5 12. Qe2 Nd7 13. 0-0-0 N7b6 14. Ba5 0-0-0 15. Bxd5 exd5 16. Bxb6 axb6 17. f4 Bd6 18. Qd2 f6 19. Nd3 Rhe8 20. h3 Re4 21. f5 Bf4 22. Nxf4 Qxf4 23. Qxf4 Rxf4 24. c3 Re8 25. Rde1 Ree4 26. Rhf1 Kd7 27. Rxf4 Rxf4 28. Kd2 h5 29. Ke3 Re4+ 30. Kf2 Rxe1 31. Kxe1 h4 32. Ke2 c5 33. Ke3 Kd6 34. Kf4 Ke7 35. g5 c4 36. gxf6+ gxf6 37. Kg4 Kf7 38. Kxh4 Kg7 1/2-1/2

[Event "BL2 Sued 1415 (Women)"]
[Site "Germany"]
[Date "2014.12.14"]
[Round "5.3"]
[White "Henschel, Anke"]
[Black "Mueller, Manon"]
[Result "1-0"]
[WhiteElo "1996"]
[BlackElo "1860"]
[PlyCount "71"]
[EventDate "2014.09.27"]
[EventType "team-tourn"]
[EventRounds "7"]
[EventCountry "GER"]
[SourceTitle "CBM 166 Extra"]
[Source "ChessBase"]
[SourceDate "2015.06.18"]
[SourceVersion "1"]
[SourceVersionDate "2015.06.18"]
[SourceQuality "1"]
[WhiteTeam "Wadgassen/Differten (W)"]
[BlackTeam "Gernsheim (W)"]
[WhiteTeamCountry "GER"]
[BlackTeamCountry "GER"]

1. e4 d5 2. exd5 Qxd5 3. Nc3 Qa5 4. d4 Nf6 5. Nf3 c6 6. Ne5 Nbd7 7. Nc4 Qc7 8. Bd3 e6 9. Qf3 Nb6 10. Bf4 Qd8 11. Rd1 Nxc4 12. Bxc4 Bd6 13. Be5 Bxe5 14. dxe5 Nd7 15. Qg3 0-0 16. 0-0 Qa5 17. Rfe1 b5 18. Bd3 b4 19. Ne4 Qxe5 20. Qh4 h6 21. Re3 f5 22. Nd2 Qd6 23. Nc4 Qc5 24. Rxe6 Nb6 25. Re5 Nd5 26. Ne3 Qd6 27. Qd4 Qf6 28. Bc4 Bb7 29. Nxd5 cxd5 30. Bxd5+ Bxd5 31. Rxd5 Qxd4 32. R1xd4 Rfc8 33. Rxb4 Rxc2 34. h3 Rf8 35. Rb7 Rf7 36. Rd8+ 1-0

[Event "BL2 Sued 1415 (Women)"]
[Site "Germany"]
[Date "2014.09.28"]
[Round "2.3"]
[White "Schwarz, Larissa"]
[Black "Mueller, Manon"]
[Result "1-0"]
[WhiteElo "1951"]
[BlackElo "1860"]
[PlyCount "83"]
[EventDate "2014.09.27"]
[EventType "team-tourn"]
[EventRounds "7"]
[EventCountry "GER"]
[SourceTitle "CBM 166 Extra"]
[Source "ChessBase"]
[SourceDate "2015.06.18"]
[SourceVersion "1"]
[SourceVersionDate "2015.06.18"]
[SourceQuality "1"]
[WhiteTeam "Mainz Schott (W)"]
[BlackTeam "Gernsheim (W)"]
[WhiteTeamCountry "GER"]
[BlackTeamCountry "GER"]

1. e4 d5 2. exd5 Qxd5 3. Nc3 Qa5 4. d4 Nf6 5. Bc4 Bf5 6. Nf3 c6 7. Bd2 Qc7 8. Ne5 e6 9. Qe2 Nbd7 10. g4 Nxe5 11. gxf5 Nxc4 12. Qxc4 exf5 13. 0-0-0 0-0-0 14. Bg5 Rd7 15. Qd3 h6 16. Bxf6 Qf4+ 17. Qe3 Qxe3+ 18. fxe3 gxf6 19. Rhg1 h5 20. Ne2 Bh6 21. Kd2 Re8 22. Rg3 Rde7 23. Rf1 Rxe3 24. Rxe3 Rxe3 25. Kd1 Rh3 26. Rf2 Rh4 27. c3 Be3 28. Rf3 Bg5 29. h3 Re4 30. Ng3 Re3 31. Rxe3 Bxe3 32. Nxh5 f4 33. Nxf6 Kd8 34. Ng4 Bg1 35. Ke2 c5 36. Kf1 Be3 37. Nxe3 fxe3 38. Ke2 c4 39. Kxe3 Ke7 40. Ke4 b5 41. Ke5 a5 42. a3 1-0

[Event "Eschborn op 11th"]
[Site "Eschborn"]
[Date "2014.09.07"]
[Round "5"]
[White "Mueller, Manon"]
[Black "Jayakumar, Nivesh"]
[Result "1/2-1/2"]
[WhiteElo "1690"]
[BlackElo "1527"]
[PlyCount "86"]
[EventDate "2014.09.05"]
[EventType "swiss"]
[EventRounds "5"]
[EventCountry "GER"]
[SourceTitle "EXT 2015"]
[Source "ChessBase"]
[SourceDate "2014.11.20"]
[SourceVersion "1"]
[SourceVersionDate "2014.11.20"]
[SourceQuality "1"]

1. d4 Nf6 2. Bg5 e6 3. e3 Be7 4. c4 0-0 5. Nc3 b6 6. Nf3 Bb7 7. Be2 d5 8. cxd5 exd5 9. 0-0 c5 10. dxc5 bxc5 11. Qb3 Qb6 12. Rfd1 Qxb3 13. axb3 Nbd7 14. h3 Nb6 15. Bf4 a6 16. Bc7 Nbd7 17. Ne5 Rfc8 18. Nxd7 Nxd7 19. Bg3 Nf6 20. Bf3 Rd8 21. Bh4 Rab8 22. Bg3 Rbc8 23. Na4 Rc6 24. Rac1 Ne4 25. Bxe4 dxe4 26. Rxd8+ Bxd8 27. Rxc5 Rxc5 28. Nxc5 Bd5 29. Nxa6 Bxb3 30. Nc5 Bd5 31. Bd6 f5 32. Kh2 g6 33. Kg3 Ba5 34. Nd7 Kf7 35. b4 Bd8 36. Nc5 Bc4 37. h4 Bf6 38. Na4 Bb5 39. Nb6 Ke6 40. Bc5 Be5+ 41. Kh3 Bc3 42. Nc8 Kd5 43. Nd6 Bd7 1/2-1/2